Squid Game Quiz - Statistics

General Stats
  • This quiz has been taken 3,197 times
    2,833 since last reset
  • The average score is 8 of 14
Answer Stats
Question Answer % Correct
What is the first game? Red Light Green Light
95%
What is the name of player 456? Seong Gi-hun
72%
What is the sixth game? Squid Game
67%
What is the second game? Honeycomb
66%
Which country is player 199, Abdul Ali, originally from? Pakistan
66%
What is the third game? Tug of War
66%
Which country is player 067, Kang Sae-beyok, originally from? North Korea
64%
Who is Hwang Jun-ho, the policeman, looking for? His brother
61%
What is the fourth game? Marbles
61%
What is the fifth game? Glass Stepping Stones
54%
How much money does the winner get? 45.6 billion won
51%
Who is the host of the game? Player 001
49%
Which number does player Cho Sang-woo have? Number 218
38%
What is the name of player 101? Jang Deok-su
30%
No matching quizzes found
Score Distribution
Percent of People with Each Score
Percentile by Number Answered
Your Score History
You have not taken this quiz since the last reset